00465nam a2200109Ia 4500008004100000100002700041245012400068260005800192650001200250999001900262952007400281160725s9999 xx 000 0 und d aDe Leon, Ma. Astrid M. a(2013, June). Curriculum design and development. Kaizen Research Journal Research Journal College of Nursing, 3, 45-64. bKaizen Research Journal College of NursingcJune 2013 aNURSING c298025d298025 001040aAbAcARd2016-07-25l0r2016-07-25 00:00:00w2016-07-25ySV